01936cam a2200361 a 45000010009000000050017000090080041000260100017000670150019000840160018001030200028001210200018001490350023001670400051001900430012002410500022002530820029002751000035003042450136003392600052004753000026005274400036005535040066005895050400006556100065010556500061011206500071011816510062012528560077013149420012013919990017014039520154014201416737220070116105633.0051114s2006 enk | b 001 0 eng d a 2005031649 aGBA6364462bnb7 a0134373312Uk a0754650006 (alk. paper) a9780754650003 a(OCoLC)ocm62330608 aDLCcDLCdBAKERdUKMdBWKUKdYDXCPdOCLCQdDLC ae-uk---00aDA560b.M625 200600222a320.94254209034bMOO1 aMoore, James R.,d1972-91438814aThe Transformation of Urban Liberalism :bParty Politics and Urban Governance in Late Nineteenth-Century England /cJames R. Moore. aAldershot, England :bAshgate Pub. Co.,cc2006. axii, 323 p. ;c24 cm. 0aHistorical urban studies914389 aIncludes bibliographical references (p. [301]-316) and index.0 aThe rise of Manchester radicalism -- Leicester liberalism : an uneasy alliance -- Manchester and the home rule crisis -- Leicester : unionism marginalised? -- Municipal scandals and realignment -- The "politicisation" of the town hall -- Manchester's suburban radicalism -- Incorporation : an agent of radicalism? -- Manchester and the rise of progressivism -- The Labour challenge in Leicester.20aLiberal Party (Great Britain)xHistoryy19th century.914390 0aLiberalismzGreat BritainxHistoryy19th century.914391 0aMunicipal governmentzGreat BritainxHistoryy19th century.914392 0aGreat BritainxPolitics and governmenty1837-1901.914393413Table of contentsuhttp://www.loc.gov/catdir/toc/ecip063/2005031649.html 2ddccBB c14026d14026 00102ddc40708BaccahaMAINbMAINc1STd2010-05-30epurchaseg750.00h10315l2o320.94254209034 MOOp000020872r2025-07-15 00:00:00s2014-12-10yBB